[Event "Athens Stamatopoulos Memorial 2nd"]
[Site "Athens"]
[Date "2019.12.18"]
[Round "7"]
[White "Dimitriou, Georgios"]
[Black "Tsouptsis, Sotirios"]
[Result "0-1"]
[WhiteElo "1976"]
[BlackElo "1830"]
[PlyCount "56"]
[EventDate "2019.11.06"]
[EventType "swiss"]
[EventRounds "7"]
[EventCountry "GRE"]
[SourceTitle "EXT 2024"]
[Source "ChessBase"]
[SourceDate "2023.10.10"]
[SourceVersion "1"]
[SourceVersionDate "2023.10.10"]
[SourceQuality "1"]

1. e4 c5 2. Nf3 d6 3. Nc3 a6 4. a4 Nc6 5. Bc4 e6 6. 0-0 Be7 7. d4 cxd4 8. Nxd4 Nf6 9. Be3 0-0 10. f4 d5 11. exd5 exd5 12. Bd3 Bc5 13. Nce2 Ng4 14. Rf3 Re8 15. Bxh7+ Kxh7 16. Qd3+ Kg8 17. Rh3 Rxe3 18. Qh7+ Kf8 19. Qg8+ Ke7 20. Rxe3+ Nxe3 21. Qxg7 Nf5 22. Qg5+ f6 23. Qh5 Ncxd4 24. Nxd4 Bxd4+ 25. Kh1 Be6 26. Re1 Kd6 27. g4 Ng3+ 28. hxg3 Qh8 0-1

[Event "GRE-ch U16"]
[Site "Greece"]
[Date "2014.07.07"]
[Round "5"]
[White "Tsouptsis, Sotirios"]
[Black "Bozanis, Dimitrios"]
[Result "0-1"]
[WhiteElo "1630"]
[BlackElo "1609"]
[PlyCount "110"]
[EventDate "2014.07.04"]
[EventType "swiss"]
[EventRounds "9"]
[EventCountry "GRE"]
[SourceTitle "EXT 2017"]
[Source "ChessBase"]
[SourceDate "2016.10.25"]
[SourceVersion "1"]
[SourceVersionDate "2016.10.25"]
[SourceQuality "1"]

1. e4 c6 2. d4 d5 3. Nc3 dxe4 4. Nxe4 Nf6 5. Nxf6+ gxf6 6. Nf3 Bg4 7. c3 e6 8. h3 Bh5 9. Bd3 Bd6 10. Bd2 Nd7 11. g4 Bg6 12. Bxg6 hxg6 13. Qc2 Qc7 14. 0-0-0 0-0-0 15. Kb1 Nb6 16. c4 Nd7 17. Qa4 b6 18. c5 bxc5 19. Rc1 Kb7 20. Rc3 Nb6 21. Qb3 c4 22. Rxc4 Ka8 23. Rc2 Rb8 24. Ba5 Qb7 25. Bxb6 Qxb6 26. Qxb6 Rxb6 27. Nd2 Bf4 28. Nc4 Rb5 29. f3 Rd5 30. Na3 Rxd4 31. Rxc6 Rhd8 32. Rc3 f5 33. gxf5 gxf5 34. h4 Rd1+ 35. Rxd1 Rxd1+ 36. Kc2 Rd2+ 37. Kb3 Kb7 38. Rc4 e5 39. Rb4+ Kc6 40. Rc4+ Kd5 41. Nc2 Rh2 42. Nb4+ Kd6 43. Nd3 Bg3 44. Ra4 Rxh4 45. Rxa7 e4 46. fxe4 fxe4 47. Rxf7 exd3 48. Rf3 Rd4 49. Rf1 d2 50. Rd1 Be1 51. Kc2 Rc4+ 52. Kd3 Rc1 53. Ke2 Kc5 54. b3 Kb4 55. a4 Kxb3 0-1

[Event "GRE-chT U16"]
[Site "Patras"]
[Date "2012.12.17"]
[Round "5.2"]
[White "Tsouptsis, Sotirios"]
[Black "Makris, Spyridon Dionysios"]
[Result "1-0"]
[WhiteElo "1516"]
[BlackElo "1249"]
[PlyCount "47"]
[EventDate "2012.12.15"]
[EventType "team"]
[EventRounds "5"]
[EventCountry "GRE"]
[SourceTitle "EXT 2020"]
[Source "ChessBase"]
[SourceDate "2019.10.17"]
[SourceVersion "1"]
[SourceVersionDate "2019.10.17"]
[SourceQuality "1"]

1. e4 e5 2. Nf3 Nc6 3. Bb5 a6 4. Ba4 Nf6 5. 0-0 Be7 6. Re1 b5 7. Bb3 0-0 8. c3 d5 9. exd5 Nxd5 10. Nxe5 Nxe5 11. Rxe5 Bb7 12. d4 Re8 13. Nd2 c5 14. Nf3 c4 15. Bc2 Bd6 16. Rxe8+ Qxe8 17. Bd2 f6 18. Qe1 Qh5 19. Qe6+ Kh8 20. Qxd6 Qg4 21. h3 Qh5 22. Qd7 Bc8 23. Qd8+ Qe8 24. Qxe8# 1-0

[Event "Attica-ch U14"]
[Site "Peristeri"]
[Date "2012.04.18"]
[Round "2"]
[White "Tsouptsis, Sotirios"]
[Black "Tsiros, Fragkiskos Vlasios"]
[Result "0-1"]
[WhiteElo "1519"]
[BlackElo "1861"]
[PlyCount "48"]
[EventDate "2012.04.17"]
[EventType "swiss"]
[EventRounds "7"]
[EventCountry "GRE"]
[SourceTitle "EXT 2024"]
[Source "ChessBase"]
[SourceDate "2023.10.10"]
[SourceVersion "1"]
[SourceVersionDate "2023.10.10"]
[SourceQuality "1"]

1. e4 c5 2. Nf3 d6 3. d4 cxd4 4. Nxd4 Nf6 5. Nc3 a6 6. Be2 e5 7. Nb3 Be7 8. Be3 Be6 9. 0-0 0-0 10. f4 exf4 11. Bxf4 Nc6 12. Nd5 Nxe4 13. Nxe7+ Nxe7 14. Bf3 Bxb3 15. Bxe4 Bc4 16. Rf3 f5 17. Rg3 fxe4 18. Qd4 Nf5 19. Qxc4+ d5 20. Qb3 Nxg3 21. Qxg3 Qb6+ 22. Kh1 Qg6 23. Qb3 Rxf4 24. Qxd5+ Qf7 0-1

[Event "GRE-ch U12"]
[Site "Kallithea"]
[Date "2010.07.01"]
[Round "8"]
[White "Zisiadis, Dimitrios"]
[Black "Tsouptsis, Sotirios"]
[Result "1-0"]
[WhiteElo "1743"]
[BlackElo "1436"]
[PlyCount "89"]
[EventDate "2010.06.26"]
[EventType "swiss"]
[EventRounds "9"]
[EventCountry "GRE"]
[SourceTitle "EXT 2012"]
[Source "ChessBase"]
[SourceDate "2011.11.24"]
[SourceVersion "1"]
[SourceVersionDate "2011.11.24"]
[SourceQuality "1"]

1. c4 c5 2. Nc3 Nc6 3. g3 g6 4. Bg2 Bg7 5. e3 e6 6. Nge2 Nge7 7. 0-0 b6 8. Rb1 Bb7 9. a3 a6 10. b4 Qc7 11. d3 d6 12. Qb3 Rb8 13. Bd2 0-0 14. b5 Na5 15. Qc2 Bxg2 16. Kxg2 Qb7+ 17. Kg1 Nf5 18. e4 Nd4 19. Nxd4 Bxd4 20. Ne2 Bg7 21. Bxa5 bxa5 22. Nf4 g5 23. Ne2 f5 24. f3 fxe4 25. dxe4 axb5 26. Rxb5 Qa8 27. a4 Rfd8 28. Rfb1 Rxb5 29. Rxb5 Rf8 30. Kg2 h6 31. Qb3 Rd8 32. Rb6 Qa7 33. Qb5 e5 34. Ra6 Qc7 35. Qxa5 Qxa5 36. Rxa5 Rb8 37. Rb5 Rd8 38. Nc3 Bf8 39. Rb7 Rc8 40. Ra7 Bg7 41. a5 Bf6 42. Nb5 Rc6 43. a6 Kf8 44. Ra8+ Kf7 45. a7 1-0

[Event "GRE-ch U12"]
[Site "Kallithea"]
[Date "2010.06.29"]
[Round "5"]
[White "Tsouptsis, Sotirios"]
[Black "Gouloutis, Nikolaos"]
[Result "0-1"]
[WhiteElo "1436"]
[BlackElo "1708"]
[PlyCount "54"]
[EventDate "2010.06.26"]
[EventType "swiss"]
[EventRounds "9"]
[EventCountry "GRE"]
[SourceTitle "EXT 2012"]
[Source "ChessBase"]
[SourceDate "2011.11.24"]
[SourceVersion "1"]
[SourceVersionDate "2011.11.24"]
[SourceQuality "1"]

1. e4 e6 2. d4 d5 3. exd5 exd5 4. Bf4 Bd6 5. Bg3 Nf6 6. Nc3 0-0 7. Bd3 Nc6 8. a3 a6 9. Qd2 Re8+ 10. Nge2 b5 11. Na2 Qe7 12. 0-0 Ne4 13. Bxe4 dxe4 14. Nec3 f5 15. Nd5 Qf7 16. Bxd6 Qxd5 17. Bxc7 Nxd4 18. Rad1 Qf7 19. Qxd4 Qxc7 20. Qd5+ Be6 21. Qd2 Bxa2 22. b3 Red8 23. Qc1 Qc3 24. h3 Rxd1 25. Rxd1 Rc8 26. Qd2 Qxd2 27. Rxd2 Bb1 0-1